MARC

LEADER 00000nam0a2200000 4500
001 157374
005 20231101221947.0
035 |a (RuTPU)RU\TPU\book\170700 
035 |a RU\TPU\book\140684 
090 |a 157374 
100 |a 20090408d1956 m y0rusy5003 ca 
101 1 |a rus  |c fre 
102 |a RU 
105 |a c z 010ay 
200 1 |a Персидские письма  |e роман  |e пер. с фр.  |f Ш. Л. Монтескье  |g авт. предисл. С. Д. Артамонов 
210 |a Москва  |c Государственное издательство художественной литературы  |d 1956 
215 |a 399 с.  |c портр.  |d 17 см 
610 1 |a французская литература 
610 1 |a романы 
610 1 |a философские романы 
675 |a 84  |z rus  |v 3 
700 1 |a Монтескье  |b Ш. Л.  |c французский просветитель  |c правовед  |c философ  |f 1689-1755  |g Шарль Луи  |2 stltpush  |3 (RuTPU)RU\TPU\pers\587  |9 275 
702 1 |a Артамонов  |b С. Д.  |4 080 
801 0 |a RU  |b RuMRKP  |c 19950417  |g psbo 
801 1 |a RU  |b 63413507  |c 20080129  |g PSBO 
801 2 |a RU  |b 63413507  |c 20090408  |g PSBO 
942 |c BK